000 00208 a2200097 4500
001 5801
100 _aClarke,LH
245 _aNote Book in applied mathematics
260 _a
_bWilliam
_c
090 _c4769
_d4769
942 _aNUST-CAE
_cM
_c31121
999 _c240874
_d240874